| 000 | 00557nam a22001577a 4500 | ||
|---|---|---|---|
| 999 |
_c534980 _d534980 |
||
| 020 | _qHard Cover. | ||
| 082 | _a620.0011 | ||
| 100 | _aAnsari, Abeera Ayaz | ||
| 245 |
_aPotential of local algae strains for possible hydrogen production and phytoremediation of wastewater / _cAbeera Ayaz Ansari. |
||
| 260 |
_aIslamabad: _bUSPCASE NUST, _c2014. |
||
| 300 |
_a135 p. : _bill. ; _c35cm. |
||
| 942 |
_2ddc _cTHE |
||
| 650 |
_aEnergy System Engineering MS-Thesis. _928868 |
||
| 700 |
_aDr. Ehsan Ali _928947 |
||